000
00340nam a2200133Ia 4500
008
231129s2004||||xx |||||||||||||| ||spa||
020
_a
958-04-7507-5 (v.1)
040
_b
spa
082
_a
300.7 L697
245
0
_a
Libro de actividades: Identidades
260
_c
2004
264
_a
Norma
942
_2
ddc
_c
BKS
999
_c
19225
_d
19225